000 00798nam a2200229 a 4500
001 000040655
005 20240417183156.0
008 130904s2007 sp a 001 0 spa d
020 _a9788429126310
040 _aDO-SdBNP
_bspa
_cBNPHU
082 _a338.5
_bK94mi
100 1 _aKrugman, Paul
_d1953-
_967016
240 1 0 _aMicroeconomics
_lspa
245 1 0 _aMicroeconomía. :
_bIntroducción a la Economía /
_cPaul Krugman; Robin Wells; traducción, Sonia Benito Muela.
260 _aBarcelona, España :
_bReverté,
_c2007.
300 _axxiii, 537 p. :
_bil. ;
_c28 cm.
500 _aLa biblioteca posee la reimpresion del 2010
650 0 _aMicroeconomía
_922953
700 1 2 _aWells, Robin
_967017
700 1 2 _aBenito Muela, Sonia
_etrad.
_967018
910 _aValidado. Control de calidad MFF
999 _c40145
_d40145